000 01752cam a2200469 i 4500
001 data
005 20260322212118.0
008 data
035 _a21954742
906 _a7
_bcbc
_ccopycat
_d2
_encip
_f20
_gy-gencatlg
925 0 _aacquire
_b1 shelf copy
_xpolicy default
010 _a 2021935821
015 _aGBC163546
_2bnb
016 7 _a020171476
_2Uk
020 _a0323902391
_q(paperback)
020 _a9780323902397
_q(paperback)
020 _z9780323904391
_q(ePub ebook)
035 _a(OCoLC)1230230221
040 _aYDX
_beng
_cYDX
_erda
_dDLC
_dUKMGB
_dOCLCO
_dOCLCF
_dCDX
_dOCLCO
_dDLC
042 _alccopycat
050 0 0 _aBD431
_b.S798 2021
082 0 4 _a128
_223
100 1 _aStein, Dan J.,
_eauthor.
245 1 0 _aProblems of living :
_bperspectives from philosophy, psychiatry, and cognitive-affective science /
_cDan J. Stein, MD, PhD, DPhil Department of Psychiatry, University of Cape Town and Groote Schuur Hospital, Cape Town, South Africa.
264 1 _aLondon, United Kingdom :
_bAcademic Press, an imprint of Elsevier,
_c[2021]
264 4 _c©2021
300 _axviii, 308 pages ;
_c23 cm
336 _atext
_btxt
_2rdacontent
337 _aunmediated
_bn
_2rdamedia
338 _avolume
_bnc
_2rdacarrier
504 _aIncludes bibliographical references (pages 235-300) and index.
650 0 _aLife.
650 0 _aPhilosophy.
650 2 _aPhilosophy
650 6 _aPhilosophie.
650 7 _aphilosophy.
_2aat
650 7 _aLife.
_2fast
_0(OCoLC)fst01198505
650 7 _aPhilosophy.
_2fast
_0(OCoLC)fst01060777
776 0 8 _iebook version :
_z9780323904391
999 _c1795
_d1795